Henry Hunter Calvert's collection of amphora stamps and that of Sidney Smith Saunders /
Henry Hunter Calvert was a British consul in Alexandria from 1857 to 1882, at which date he and many others fled from the riots in the city. The consulate was sacked, destroying Calvert's collections, but an annotated list of the Greek amphora stamps had been sent to the British Museum, publish...
المؤلف الرئيسي:
التنسيق: كتاب الكتروني
اللغة: English
منشور في:
Oxford :
Archaeopress Archaeology,
2020.
الموضوعات:
الوصول للمادة أونلاين: Login to view Source
الوسوم: إضافة وسم
رقم الطلب: NK4650.A6
| LEADER | 01893nam a2200397 i 4500 | ||
|---|---|---|---|
| 001 | EDZ0002276968 | ||
| 003 | StDuBDS | ||
| 005 | 20230412182825.0 | ||
| 006 | m|||||o||d|||||||| | ||
| 007 | cr ||||||||||| | ||
| 008 | 200615s2020 enka fob 000|0|eng|d | ||
| 020 | |a 9781789696448 (PDF ebook) : |c No price | ||
| 040 | |a StDuBDS |b eng |c StDuBDS |e rda |e pn | ||
| 050 | 4 | |a NK4650.A6 | |
| 082 | 0 | 4 | |a 666.3275 |2 23 |
| 100 | 1 | |a Johnston, A. W. |q (Alan W.), |e author. | |
| 245 | 1 | 0 | |a Henry Hunter Calvert's collection of amphora stamps and that of Sidney Smith Saunders / |c Alan Johnston. |
| 264 | 1 | |a Oxford : |b Archaeopress Archaeology, |c 2020. | |
| 300 | |a 1 online resource (118 pages) : |b illustrations | ||
| 336 | |a text |2 rdacontent | ||
| 336 | |a still image |2 rdacontent | ||
| 337 | |a computer |2 rdamedia | ||
| 338 | |a online resource |2 rdacarrier | ||
| 500 | |a Also issued in print: 2020. | ||
| 504 | |a Includes bibliographical references. | ||
| 520 | 8 | |a Henry Hunter Calvert was a British consul in Alexandria from 1857 to 1882, at which date he and many others fled from the riots in the city. The consulate was sacked, destroying Calvert's collections, but an annotated list of the Greek amphora stamps had been sent to the British Museum, published here for the first time. | |
| 521 | |a Specialized. | ||
| 588 | |a Description based on online resource; title from PDF title page (viewed on June 15, 2020). | ||
| 600 | 1 | 0 | |a Calvert, Henry Hunter |x Archaeological collections. |
| 600 | 1 | 0 | |a Saunders, Sidney Smith |x Archaeological collections. |
| 650 | 0 | |a Amphora stamps |z Greece |v Catalogs. | |
| 776 | 0 | 8 | |i Print version : |z 9781789696431 |
| 856 | 4 | 0 | |3 Archaeopress |u http://library.arce.org:8087/Archaeopress/Products/9781789696431 |
| 942 | |2 lcc |c EBOOK | ||
| 952 | |0 0 |1 0 |4 0 |6 NK4650 A6 |7 1 |9 46708 |a ARCH |b ARCH |d 2023-04-12 |l 0 |o NK4650.A6 |r 2023-04-12 00:00:00 |w 2023-04-12 |y EBOOK | ||
| 999 | |c 52366 |d 52366 | ||
